| 000 | 00520 a2200193 4500 | ||
|---|---|---|---|
| 999 |
_c6130 _d6130 |
||
| 020 | _a9788131804285 | ||
| 050 | _aTH153 PUN 2008 | ||
| 100 | _a Punmia, B. C | ||
| 245 |
_aBuilding construction/ _cB C Punmia; A K Jain; Arun Kumar Jain |
||
| 250 | _a10th ed. | ||
| 264 |
_aNew Delhi : _b Laxmi Pub., _c2008. |
||
| 300 | _axiv, 666, | ||
| 500 | _aincludes index. | ||
| 650 | _aBuilding. | ||
| 650 | _aConstruction industry. | ||
| 700 | _aJain, Ashok K | ||
| 700 | _aJain, Arun K | ||
| 942 |
_2lcc _cBK _h153 _iPUN _kTH |
||